000 00693nam a2200289Ia 4500
005 20260324135546.0
008 008 260324s9999 xx 000 0 eng d
020 _a9780429496295
037 _aEBOOK
040 _aCRL
040 _beng
040 _cCRL
041 _2eng
041 _aeng
084 _qCRL
100 _aHenry Byerly
_91201057
245 4 _aThe Many Faces Of Science
245 3 _bAn Introduction To Scientists, Values, And Society
260 _bTaylor and Francis
260 _c2000
365 _a
365 _b230
856 _uhttp://www.taylorfrancis.com/books/9780429496295
942 _cEBOOK
999 _c1802251
_d1802251